00546nam a2200181 a 450000100060000000300090000600800410001502000150005604000280007108200170009910000220011624500980013826000310023630000110026749000330027865000260031165000270033718929CO-ViMGA141112s2004 ck r 000 u spa d a8449301661 aCO-ViMGAbspacCO-ViMGA04a309.173 H6811 aHoward Ross, Marc10aLa cultura del conflicto : blas diferencias interculturales en la práctica de la violencia aBarcelona : bPaidos; 1995 a317 p. aPaidos Estado y Sociedad; 2814aCONFLICTOS CULTURALES14aSOLUCION DE CONFLICTOS